Kościół na drogach przeszłości / (Record no. 1642)
[ view plain ]
| 000 -LEADER | |
|---|---|
| fixed length control field | 01637cam a2200409 i 4500 |
| 001 - CONTROL NUMBER | |
| control field | data |
| 005 - DATE AND TIME OF LATEST TRANSACTION | |
| control field | 20260322212110.0 |
| 008 - FIXED-LENGTH DATA ELEMENTS--GENERAL INFORMATION | |
| fixed length control field | data |
| 035 ## - SYSTEM CONTROL NUMBER | |
| System control number | 21944488 |
| 010 ## - LIBRARY OF CONGRESS CONTROL NUMBER | |
| LC control number | 2020427916 |
| 020 ## - INTERNATIONAL STANDARD BOOK NUMBER | |
| International Standard Book Number | 9788380618237 |
| 040 ## - CATALOGING SOURCE | |
| Original cataloging agency | DLC |
| Language of cataloging | eng |
| Description conventions | rda |
| Transcribing agency | DLC |
| 041 0# - LANGUAGE CODE | |
| Language code of text/sound track or separate title | rus |
| -- | eng |
| -- | spa |
| -- | rus |
| Language code of summary or abstract | eng |
| Language code of table of contents | eng |
| 042 ## - AUTHENTICATION CODE | |
| Authentication code | pcc |
| 043 ## - GEOGRAPHIC AREA CODE | |
| Geographic area code | e-pl--- |
| 050 00 - LIBRARY OF CONGRESS CALL NUMBER | |
| Classification number | BX945.3 |
| Item number | .K67 2020 |
| 245 00 - TITLE STATEMENT | |
| Title | Kościół na drogach przeszłości / |
| Statement of responsibility, etc. | Redakcja Jan Walkusz, Marcin Nabożny ; Katolicki Uniwersytet Lubelski Jana Pawła II. Wydział Teologii. Instytut Nauk Teologicznych. |
| 264 #1 - PRODUCTION, PUBLICATION, DISTRIBUTION, MANUFACTURE, AND COPYRIGHT NOTICE | |
| Place of production, publication, distribution, manufacture | Lublin : |
| Name of producer, publisher, distributor, manufacturer | Wydawnictwo KUL, |
| Date of production, publication, distribution, manufacture, or copyright notice | 2020. |
| 300 ## - PHYSICAL DESCRIPTION | |
| Extent | 392 pages : |
| Other physical details | illustrations ; |
| Dimensions | 21 cm |
| 336 ## - CONTENT TYPE | |
| Content type term | text |
| Content type code | txt |
| Source | rdacontent |
| 337 ## - MEDIA TYPE | |
| Media type term | unmediated |
| Media type code | n |
| Source | rdamedia |
| 338 ## - CARRIER TYPE | |
| Carrier type term | volume |
| Carrier type code | nc |
| Source | rdacarrier |
| 504 ## - BIBLIOGRAPHY, ETC. NOTE | |
| Bibliography, etc. note | Includes bibliographical references. |
| 546 ## - LANGUAGE NOTE | |
| Language note | Text partly also in English, Spanish, Russian. Summaries and table of contents in English. |
| 610 20 - SUBJECT ADDED ENTRY--CORPORATE NAME | |
| Corporate name or jurisdiction name as entry element | Catholic Church |
| General subdivision | History. |
| 610 20 - SUBJECT ADDED ENTRY--CORPORATE NAME | |
| Corporate name or jurisdiction name as entry element | Catholic Church |
| General subdivision | Historiography. |
| 610 20 - SUBJECT ADDED ENTRY--CORPORATE NAME | |
| Corporate name or jurisdiction name as entry element | Catholic Church |
| Geographic subdivision | Poland |
| General subdivision | History. |
| 650 #0 - SUBJECT ADDED ENTRY--TOPICAL TERM | |
| Topical term or geographic name entry element | Church history. |
| 651 #0 - SUBJECT ADDED ENTRY--GEOGRAPHIC NAME | |
| Geographic name | Poland |
| General subdivision | Church history. |
| 700 1# - ADDED ENTRY--PERSONAL NAME | |
| Personal name | Walkusz, Jan, |
| Dates associated with a name | 1955- |
| Relator term | author. |
| -- | author. |
| 700 1# - ADDED ENTRY--PERSONAL NAME | |
| Personal name | Nabożny, Marcin, |
| Relator term | author. |
| -- | author. |
| 710 2# - ADDED ENTRY--CORPORATE NAME | |
| Corporate name or jurisdiction name as entry element | Katolicki Uniwersytet Lubelski Jana Pawła II. |
| Subordinate unit | Wydział Teologii, |
| Relator term | issuing body. |
| 906 ## - LOCAL DATA ELEMENT F, LDF (RLIN) | |
| a | 7 |
| b | cbc |
| c | orignew |
| d | 3 |
| e | ncip |
| f | 20 |
| g | y-gencatlg |
| 925 0# - | |
| -- | acquire |
| -- | 1 shelf copy |
| -- | policy default |
| 985 ## - | |
| -- | ECE IBC Record Cataloging Contract |
| Withdrawn status | Lost status | Damaged status | Not for loan | Home library | Current library | Shelving location | Date acquired | Total checkouts | Full call number | Barcode | Date last seen | Price effective from | Koha item type |
|---|---|---|---|---|---|---|---|---|---|---|---|---|---|
| Institut Protestant de Théologie | Institut Protestant de Théologie | General stacks | 22/03/2026 | BX945.3 | LOC-IPT-00033 | 22/03/2026 | 22/03/2026 | Books |